000 00837nam a2200241 a 4500
001 000025043
005 20260213105850.0
008 110209s1986 sp a r 000 0 spa d
020 _a8425507146
040 _aDO-SdBNP
_bspa
_cBNPHU
082 _a659.1
_bR688a
100 1 _aRodergas i Pagés, Robert
_d1936-
_951378
245 1 0 _aEn el arca no se vende :
_btiempos de publicidad /
_cRobert Rodergas i Pagés ; prólogo Joan Enric Nebot.
260 _aBarcelona, (España) :
_bEditorial Hispano Europea,
_c1986.
300 _a148, [2] p. :
_bil. ;
_c25 cm.
504 _aIncluye referencias bibliográficas.
650 0 _aPublisidad
_913236
650 0 _aMercadotecnia
_96644
650 4 _aVendedores y arte de vender
_918681
650 4 _aPromoción de ventas
_938387
700 1 _aNebot, Enric Joan
_epról.
_951379
049 _aBNGR
999 _c24536
_d24536